<?xml version="1.0" encoding="UTF-8"?>
<record
    xmlns:xsi="http://www.w3.org/2001/XMLSchema-instance"
    xsi:schemaLocation="http://www.loc.gov/MARC21/slim http://www.loc.gov/standards/marcxml/schema/MARC21slim.xsd"
    xmlns="http://www.loc.gov/MARC21/slim">

  <leader>01206nam0a2200337   4500</leader>
  <controlfield tag="001">RU\NLR\bibl\240791</controlfield>
  <controlfield tag="005">20250619113754.0</controlfield>
  <datafield tag="010" ind1=" " ind2=" ">
    <subfield code="a">5-7905-0876-6</subfield>
    <subfield code="9">10000</subfield>
  </datafield>
  <datafield tag="021" ind1=" " ind2=" ">
    <subfield code="a">RU</subfield>
    <subfield code="b">2001-44131</subfield>
    <subfield code="9">2105</subfield>
  </datafield>
  <datafield tag="035" ind1=" " ind2=" ">
    <subfield code="a">(NLR Aleph) 000236674</subfield>
  </datafield>
  <datafield tag="090" ind1=" " ind2=" ">
    <subfield code="a">1378460</subfield>
    <subfield code="c">1378460</subfield>
  </datafield>
  <datafield tag="100" ind1=" " ind2=" ">
    <subfield code="a">20020305d2001    |||y0rusy50      ca</subfield>
  </datafield>
  <datafield tag="101" ind1="0" ind2=" ">
    <subfield code="a">rus</subfield>
  </datafield>
  <datafield tag="102" ind1=" " ind2=" ">
    <subfield code="a">RU</subfield>
  </datafield>
  <datafield tag="105" ind1=" " ind2=" ">
    <subfield code="a">a   |||||||||</subfield>
  </datafield>
  <datafield tag="200" ind1="1" ind2=" ">
    <subfield code="a">&#x41B;&#x443;&#x447;&#x448;&#x438;&#x435; &#x440;&#x430;&#x441;&#x442;&#x435;&#x43D;&#x438;&#x44F; &#x434;&#x43B;&#x44F; &#x434;&#x43E;&#x43C;&#x430;</subfield>
    <subfield code="e">&#x41F;&#x43E;&#x43B;&#x43D;. &#x44D;&#x43D;&#x446;&#x438;&#x43A;&#x43B;. &#x43F;&#x43E; &#x443;&#x445;&#x43E;&#x434;&#x443; &#x438; &#x440;&#x430;&#x437;&#x432;&#x435;&#x434;&#x435;&#x43D;&#x438;&#x44E; &#x43A;&#x43E;&#x43C;&#x43D;&#x430;&#x442;. &#x440;&#x430;&#x441;&#x442;&#x435;&#x43D;&#x438;&#x439;</subfield>
    <subfield code="f">&#x415;. &#x413;&#x43E;&#x440;&#x431;&#x430;&#x447;&#x435;&#x432;&#x430;</subfield>
  </datafield>
  <datafield tag="210" ind1=" " ind2=" ">
    <subfield code="a">&#x41C;.</subfield>
    <subfield code="c">&#x420;&#x418;&#x41F;&#x41E;&#x41B; &#x43A;&#x43B;&#x430;&#x441;&#x441;&#x438;&#x43A;</subfield>
    <subfield code="d">2001</subfield>
  </datafield>
  <datafield tag="215" ind1=" " ind2=" ">
    <subfield code="a">318 &#x441;.</subfield>
    <subfield code="c">&#x438;&#x43B;.</subfield>
    <subfield code="d">24</subfield>
  </datafield>
  <datafield tag="606" ind1="0" ind2=" ">
    <subfield code="a">&#x41A;&#x43E;&#x43C;&#x43D;&#x430;&#x442;&#x43D;&#x43E;&#x435; &#x446;&#x432;&#x435;&#x442;&#x43E;&#x432;&#x43E;&#x434;&#x441;&#x442;&#x432;&#x43E;</subfield>
    <subfield code="j">&#x421;&#x43F;&#x440;&#x430;&#x432;&#x43E;&#x447;&#x43D;&#x438;&#x43A;&#x438;</subfield>
    <subfield code="9">1344292</subfield>
    <subfield code="3">RU\NLR\auth\66560763</subfield>
  </datafield>
  <datafield tag="610" ind1="0" ind2=" ">
    <subfield code="a">&#x41A;&#x43E;&#x43C;&#x43D;&#x430;&#x442;&#x43D;&#x44B;&#x435; &#x440;&#x430;&#x441;&#x442;&#x435;&#x43D;&#x438;&#x44F; - &#x412;&#x44B;&#x440;&#x430;&#x449;&#x438;&#x432;&#x430;&#x43D;&#x438;&#x435; - &#x42D;&#x43D;&#x446;&#x438;&#x43A;&#x43B;&#x43E;&#x43F;&#x435;&#x434;&#x438;&#x438;</subfield>
  </datafield>
  <datafield tag="675" ind1=" " ind2=" ">
    <subfield code="a">635.915(031)</subfield>
    <subfield code="v">3</subfield>
    <subfield code="z">rus</subfield>
  </datafield>
  <datafield tag="686" ind1=" " ind2=" ">
    <subfield code="a">68.35</subfield>
    <subfield code="2">rugasnti</subfield>
  </datafield>
  <datafield tag="686" ind1=" " ind2=" ">
    <subfield code="a">42.374&#x44F;2</subfield>
    <subfield code="2">rubbk</subfield>
  </datafield>
  <datafield tag="686" ind1=" " ind2=" ">
    <subfield code="a">&#x41F;274-455.5&#x44F;2</subfield>
  </datafield>
  <datafield tag="700" ind1=" " ind2="1">
    <subfield code="a">&#x413;&#x43E;&#x440;&#x431;&#x430;&#x447;&#x435;&#x432;&#x430;</subfield>
    <subfield code="b">&#x415;. &#x413;.</subfield>
    <subfield code="4">070</subfield>
  </datafield>
  <datafield tag="801" ind1=" " ind2="0">
    <subfield code="a">RU</subfield>
    <subfield code="b">RKP</subfield>
    <subfield code="c">20020305</subfield>
    <subfield code="g">PSBO</subfield>
  </datafield>
  <datafield tag="801" ind1=" " ind2="1">
    <subfield code="a">RU</subfield>
    <subfield code="b">RKP</subfield>
    <subfield code="c">20020305</subfield>
  </datafield>
  <datafield tag="801" ind1=" " ind2="2">
    <subfield code="a">RU</subfield>
    <subfield code="b">NLR</subfield>
    <subfield code="c">20020418</subfield>
    <subfield code="g">rcr</subfield>
  </datafield>
  <datafield tag="942" ind1=" " ind2=" ">
    <subfield code="c">BOOK</subfield>
  </datafield>
  <datafield tag="980" ind1=" " ind2=" ">
    <subfield code="a">NB</subfield>
  </datafield>
  <datafield tag="995" ind1=" " ind2=" ">
    <subfield code="5">2002-03-21</subfield>
    <subfield code="a">ad</subfield>
    <subfield code="b">NLR01</subfield>
    <subfield code="c">NLR01</subfield>
    <subfield code="e">RF8</subfield>
    <subfield code="f">235324</subfield>
    <subfield code="k">2002-7/918</subfield>
    <subfield code="o">0</subfield>
    <subfield code="r">BOOK</subfield>
    <subfield code="s">20027918_</subfield>
  </datafield>
  <datafield tag="995" ind1=" " ind2=" ">
    <subfield code="5">2002-03-21</subfield>
    <subfield code="a">ad</subfield>
    <subfield code="b">NLR01</subfield>
    <subfield code="c">NLR01</subfield>
    <subfield code="e">RF8</subfield>
    <subfield code="f">235327</subfield>
    <subfield code="k">2002-7/918</subfield>
    <subfield code="o">0</subfield>
    <subfield code="r">BOOK</subfield>
    <subfield code="s">20027918_</subfield>
  </datafield>
</record>
